000 00253nam a2200109Ia 4500
008 190911s9999||||xx |||||||||||||| ||und||
100 _aGary W. Sabot
245 0 _aHigh Performance Computing
260 _aUSA
_bPearson
_c1995
300 _a246
942 _cBK
999 _c6955
_d6955